Name a Biblical Figure Quiz Stats

 Plays Quiz Updated Aug 5, 2014

Support Sporcle.
Go Orange.
Score 0/20 Timer 05:00
1 Play Today
Category Character % Correct
was a disciple of Jesus?Thomas...
94.7%
lived in the Garden of Eden?Adam and Eve
92.8%
is part of the Holy Trinity?Father, Son, and Holy Spirit
90.9%
wrote a gospel of Jesus?Matthew, Mark, Luke, and John
89.1%
was an angelMichael, Gabriel, and Lucifer
88.8%
was a son of Adam?Cain, Abel, and Seth
88.5%
lived for more than 900 years?Methuselah...
76.8%
was a son of Jacob?Judah...
74.9%
witnessed Jesus' transfiguration?Peter, James, and John
73.4%
was a major prophet?Isaiah, Jeremiah, Ezekiel, and Daniel
71.6%
Category Character % Correct
was a minor prophet?Amos...
67.8%
was a son of Noah?Ham, Shem, and Japheth
67.1%
was a United Kingdom King?Saul, David, and Solomon
66%
was a wife of David?Bathsheba...
62.4%
was a Judge?Gideon...
57.4%
left Egypt with Moses and entered the promised land?Joshua and Caleb
57%
went into the fiery furnace?Shadrach, Meshach, and Abednego
52.1%
was a Southern Kingdom King?Hezekiah...
35.7%
was a Northern Kingdom King?Ahab...
33%
was one of the first appointed deacons?Stephen...
29.4%

You're not logged in!

Compare scores with friends on all Sporcle quizzes.
OR
Log In

From the Vault

First Word Band Names II

by lolshortee

Picking a band name seems stressful, maybe they should go one word at a time.
Remove Ads.
Support Sporcle.
Get the best of Sporcle when you Go Orange. This ad-free experience offers more features, more stats, and more fun while also helping to support Sporcle. Thank you for becoming a member.

Show Comments

Extras

Top Quizzes Today


Score Distribution

Your Account Isn't Verified!

In order to create a playlist on Sporcle, you need to verify the email address you used during registration. Go to your Sporcle Settings to finish the process.

Report this User

Report this user for behavior that violates our Community Guidelines.

Details: